000 00513nam a2200193 a 4500
001 1762151196624
003 ACL
005 20251103120110.0
008 251103s2007##################000#0#eng##
020 _a9780750681582
082 0 4 _a658.155015118
_bCHR
100 1 _aChristodoulakis, George A.,
_eauthor.
245 1 0 _aThe Analytics of Risk Model Validation :
260 _bAcademic Press,
_c2007.
300 _a216 pages
650 0 _aBusiness & Economics.
942 _cENGLISH
040 _aACL
_beng
_cACL
999 _c595378
_d595378